Mergers Acquisitions and Corporate Restructuring (Record no. 1836)

MARC details
000 -LEADER
fixed length control field 00441nam a22001697a 4500
005 - DATE AND TIME OF LATEST TRANSACTION
control field 20180720110119.0
008 - FIXED-LENGTH DATA ELEMENTS--GENERAL INFORMATION
fixed length control field 160526b xxu||||| |||| 00| 0 eng d
020 ## - INTERNATIONAL STANDARD BOOK NUMBER
ISBN 9788125931263
041 ## - LANGUAGE CODE
Language code of text/sound track or separate title eng
082 ## - DEWEY DECIMAL CLASSIFICATION NUMBER
Item number 5239
Classification number 658.162
100 ## - MAIN ENTRY--AUTHOR NAME
Personal name Godbole, Prasad G
245 ## - TITLE STATEMENT
Title Mergers Acquisitions and Corporate Restructuring
260 ## - PUBLICATION, DISTRIBUTION, ETC. (IMPRINT)
Place of publication New Delhi
Name of publisher Academic Faundation
300 ## - PHYSICAL DESCRIPTION
Number of Pages 455p,
650 ## - SUBJECT ADDED ENTRY--TOPICAL TERM
Topical Term Management
942 ## - ADDED ENTRY ELEMENTS (KOHA)
Koha item type Books
Holdings
Lost status Damaged status Collection code Home library Current library Shelving location Date acquired Cost, normal purchase price Full call number Accession Number Koha item type
    MANAGEMENT JRU Library JRU Library SHELF-71-N 26/05/2016 375.00 658.162 5239 Books
    MANAGEMENT JRU Library JRU Library SHELF-71-N 26/05/2016 375.00 658.162 5240 Books
    MANAGEMENT JRU Library JRU Library SHELF-71-N 26/05/2016 375.00 658.162 5241 Books
    MANAGEMENT JRU Library JRU Library SHELF-71-N 26/05/2016 375.00 658.162 5242 Books
    MANAGEMENT JRU Library JRU Library SHELF-71-N 26/05/2016 375.00 658.162 5243 Books
    MANAGEMENT JRU Library JRU Library SHELF-71-N 26/05/2016 375.00 658.162 5244 Books
    MANAGEMENT JRU Library JRU Library SHELF-71-N 26/05/2016 375.00 658.162 5245 Books
    MANAGEMENT JRU Library JRU Library SHELF-71-N 26/05/2016 375.00 658.162 5246 Books
    MANAGEMENT JRU Library JRU Library SHELF-71-N 26/05/2016 375.00 658.162 5247 Books